Význam informačních a komunikačních technologií v českých průmyslových firmách 21. století
Vplyv informačných technológií na kvalitu produkcie. Vplyv informačných technológi na zákaznícky a ľudský kapitál.
Na minha lista:
| Autor principal: | |
|---|---|
| Outros Autores: | |
| Formato: | Capítulo de Livro |
| Idioma: | tcheco |
| Assuntos: | |
| Tags: |
Sem tags, seja o primeiro a adicionar uma tag!
|
MARC
| LEADER | 00000naa a2200000 4500 | ||
|---|---|---|---|
| 001 | 0215907 | ||
| 005 | 20231116111121.7 | ||
| 041 | 0 | |a cze | |
| 044 | |a CZ | ||
| 245 | 1 | 0 | |a Význam informačních a komunikačních technologií v českých průmyslových firmách 21. století |c Petra Štamfestová, Aleš Kubíček |
| 520 | |a Vplyv informačných technológií na kvalitu produkcie. Vplyv informačných technológi na zákaznícky a ľudský kapitál. | ||
| 610 | 2 | 0 | |a analýza faktorová |
| 610 | 2 | 0 | |a systémy informačné podnikové |
| 610 | 2 | 0 | |a podnik priemyselný |
| 610 | 2 | 0 | |a Česko |
| 610 | 2 | 0 | |a kapitál ľudský |
| 610 | 2 | 0 | |a technológie informačné |
| 610 | 2 | 0 | |a technológie komunikačné |
| 610 | 2 | 0 | |a systémy informačné |
| 100 | 1 | |a Štamfestová, Petra | |
| 700 | 1 | |a Kubíček, Aleš | |